000 00581nam a2200157 i 4500
001 55998
003 ES-MaACL
005 20230906163250.0
007 t|
008 031001s1964 sp ||||1| spa d
100 1 _aDíaz Monasterio, Félix de Luis.
_944358
245 1 0 _aMedidas fiscales adoptadas en los países del Mercado Común, en Inglaterra y en Suecia, en relación con la autofinanciación /
_cFélix de Luis Díaz Monasterio.
260 _a[Madrid] :
_bSociedad de Estudios y Publicaciones,
_c1964.
300 _a105 p. ;
_c21 cm.
852 _aES-MaACL
_jC-26796
_bR.54329
999 _c55998
_d55998